000 00635nam a2200205 u 4500
005 20240228064247.0
008 160608s2011 r 000 0 eng d
020 _a9781445427379
035 _aUPN01000211257
049 _aI
050 4 _aPZ74
_bG7.27
100 1 _aGraves, Sue,
_d1950-
_938941
245 1 0 _aBlancanieves y los siete enanitos /
_cSue Graves ; il. Gwyneth Williamson ; tr. Marina Bendersky.
260 _aNew York :
_bParragon,
_c2011.
300 _a29 p. :
_bil. col.
650 4 _aBRUJAS -
_vLITERATURA INFANTIL
_94409
650 4 _aLibros y lectura para niƱos
_92290
905 _aInfantil
999 _c183358
_d183358